Quizzes
Events
Quiz Creation
Community
Videos
Private Events
Remove Ads
Sign In
Join for FREE
Feedback
Dark Mode
Quiz Categories
Sports
Geography
Music
Movies
Television
Just For Fun
Miscellaneous
History
Literature
Language
Science
Gaming
Entertainment
Religion
Holiday
For Kids
Quiz Lab
Recent
Popular Today
Quiz Kudos Today
Editor Picks
Curator Picks
Quizzes by...
Day
Popularity
Type
Ratings
Length
Year
Community
Subscriptions
Recent Discussions
Orange Saloon
Badges
Playlists
Quests
Create
Leaderboards
Showdown
Live 5
Trivia Bingo
Activity
Puzzle Library
Sporcle Events
Private Events
Virtual Trivia
Globe League
Become a Host
Pub Owners
SporcleCon
Opinionation
Our Games
Videos
Blog
Mobile Apps
Partnerships
Remove Ads and Go Orange
Feedback
Television
TV Characters
TV Show
Sitcom
Network
Friends
Reality Shows
Cast
South Park
Star Trek
The Simpsons
Doctor Who
Television
TV Characters
TV Show
Sitcom
Network
Friends
Reality Shows
Cast
South Park
Star Trek
The Simpsons
Doctor Who
Random Quiz
Search Sporcle
×
Quiz Lab
Quiz Lab
Television
Friends
Type in answers that appear in a list
Type in answers that appear in a list
Classic
Best Score? Go Orange.
Friends characters Stats
Can you name the Friends characters?
By
surfer09
10m
34 Questions
364 Plays
364 Plays
364 Plays
Comments
Comments
Give Quiz Kudos
Give Quiz Kudos
-
- Ratings
hide this ad
Replay
Link that replays current quiz
Next Quiz
Link to next quiz in quiz playlist
You Got
0%
They Got
Avg Score
80%
Avg Friend Score
Upgrade to see
Score Distribution
Jump to the score distribution portion of the page
Score
0/34
Timer
10:00
0
Plays Today
Hint
Character
% Correct
Buffay
Phoebe
99.5%
Phoebe's birth mother
Phoebe
99.5%
Geller brother
Ross
99.2%
BING!
Chandler
99.2%
Tribbiani
Joey
99.2%
Green
Rachel
98.9%
Geller sister
Monica
98.6%
British second wife of Ross
Emily
93.7%
Oh. My. Gawd!
Janice
93.1%
Lesbian ex-
wife
Carol
92.9%
In love with Rachel
Gunther
92.3%
Rachel and Ross' daughter
Emma
92%
Older ex-
boyfriend of Monica
Richard
91.8%
Ross' son
Ben
89.6%
Phoebe's twin sister
Ursula
88.7%
Carol's wife
Susan
84.3%
Left at the alter by Rachel
Barry
84.1%
Hint
Character
% Correct
Ross' monkey
Marcel
83%
Ross and Monica's father
Jack
81.9%
Ross and Monica's mother
Judy
77.5%
Rachel's rude and tactless sister
Amy
76.4%
Psychotic ex-
roomate of Chandler's
Eddie
75.8%
Rachel's spoiled and vain sister
Jill
75.3%
Got Rachel a job at bloomingdales
Mark
75%
Italian cat owner who dates Rachel
Paolo
71.4%
Pheobe's brother
Frank Junior
69%
Phoebe's mother who committed suicide
Lily
68.7%
Frank Junior's wife
Alice
67.9%
Joey's sister that Chandler 'fooled around' with
Mary Angela
63.7%
Monica and Chandler's twin kids
Jack and Erica
60.7%
Played by Brad Pitt
Will
59.6%
Rachel's bloomingdale's boss who dies
Joanna
57.1%
Phoebe's Dad
Frank Senior
56%
Rachel's Grandma
Ida
24.5%
Quiz Playlist
Details
Report
Send in Message
Add To Playlist
Classic:
Type in answers that appear in a list
Last Updated: Feb 16, 2017
Quiz Scoreboard
CHALLENGE
Sign Up to Join the Scoreboard
Show All
Scores
Hide
Comments
May contain spoilers
Recently Published
Presidents Visiting Landmarks
by Hejman
History
7m
An Introduction to Baseball
by treessimontrees
Sports
5m
Movies - When Are They Set?
by FPL_Elf
Movies
5m
More to Explore
Quiz From the Vault
Featured Blog Post
Where Did the Easter Bunny Come From?
hide this ad
You Might Also Like...
Tags
Friends Quiz
Character
Today's Top Quizzes in Television
Browse Television
hide this ad
Today's Top Quizzes in Friends
Browse Friends
Top Contributed Quizzes in Television
1
One Piece Logic Puzzle
2
5-to-1: The Simpsons Families
3
Survivor Logic Puzzle: Heroes vs. Villains
4
5-to-1: Television Doctors
5
7-to-1: TV Show Settings
6
Survivor Seasons
7
5-to-1: Streaming Originals
8
Survivor Season by Logo
9
One Thing in Common: Television
10
TV Shows by First Names
Explore More
Trending Topics
Harry Potter
NBA
Marvel
Kpop
Anime
Disney
Crossword
Pokémon
Soccer
Country
NFL
Song
Puzzle
WWE
The Office
hide this ad
More By:
surfer09
Quiz
Plays
Rating
Category
Featured
Created
Friends characters
364
3.00
Television
Dec 9, 2009
When you sing a country song backwards
174
3.00
Music
Dec 4, 2009
Go to Creator's Profile
Score Distribution
Quiz Creator Spotlight
surfer09
Follow
Send a Message
Quizzes Created
-
Created Quiz Play Count
-
More By This Creator
Popular Quizzes Today
1
Find the US States - No Outlines Minefield
2
Find the Countries of Europe - No Outlines Minefield
3
The Countries of the World
4
Find the US States
5
Popular People in 1961
6
US States
7
Risky Map Clicking: Biggest States A-Z
8
1-10 Letter E Words III
More Television Quizzes
Decade Decisions - UK TV Christmas Shows
Editor's Pick
Trending Quizzes
Risky Map Clicking: Least Populous States A-Z
1-10 Letter G Words
1-10 Letter F Words
One Thing in Common: United Kingdom
Risky Map Clicking: Next State Alphabetically
Recently Updated
Leaping Animals
pecheneg
Reality TV Shows (A-Z)
bhenderson79
Rickey Henderson's Hall of Fame Teammates
pecheneg
Champions League XIs: Arsenal
pecheneg
Quick Pick: Celebrities in WWE's Hall of Fame
aduchscher
A-Z Keypad Blitz II
pecheneg
Multiple Oscar Actors
pecheneg
Mystery Phrase Blitz: Oscar 'Best Actors'
pecheneg
F. Scott Fitzgerald Novels
LTH
Pick 3 Villains
ddd62291
Trending Topics
Harry Potter
Kpop
Crossword
Marvel
NBA
Anime
Disney
WWE
Song
Puzzle
NFL
Country
Soccer
The Office
Pokémon
Your Account Isn't Verified!
In order to create a playlist on Sporcle, you need to verify the email address you used during registration. Go to your
Sporcle Settings
to finish the process.
Report this User
Report this user for behavior that violates our
Community Guidelines
.
Details:
Send Report
Go to the Sporcle.com Mobile Site →
Comments